Oceania Country to Second Biggest City - Statistics

General Stats
  • This quiz has been taken 6 times
  • The average score is 4 of 14
Answer Stats
Country Answer % Correct
Australia Melbourne
100%
New Zealand Christchurch
83%
Papa New Guinea Lae
33%
Samoa Asau
17%
Kiribati Betio Village
17%
Nauru Denigomodu
17%
Marshall Islands Ebaye
17%
Palau Koror Town
17%
Fiji Lautoka
17%
Vanuatu Luganville
17%
Solomon Islands Malango
17%
Tonga Neiafu
17%
Tuvalu Savave Village
17%
Fed. States of Micronesia Tofol
17%
No matching quizzes found
Score Distribution
Percent of People with Each Score
Percentile by Number Answered
Your Score History
You have not taken this quiz